Riadenie a modelovanie finančných rizík v posťovníctve

Riadenie rizík poisťovacích inštitúcií. Finančné riziká poisťovní: úverové riziko, trhové riziko, riziko likvidity, operačné riziko, obchodné riziko. Modelovanie finančných rizík poisťovní.

Na minha lista:
Detalhes bibliográficos
Autor principal: Majtánová, Anna
Outros Autores: Krátka, Zuzana, 1968-
Formato: Capítulo de Livro
Idioma:eslovaco
Assuntos:
Tags: Adicionar Tag
Sem tags, seja o primeiro a adicionar uma tag!

MARC

LEADER 00000naa$a2200000$$$4500
001 0056515
005 20240502083138.9
041 0 |a slo 
044 |a CZ 
245 1 0 |a Riadenie a modelovanie finančných rizík v posťovníctve  |c Anna Majtánová, Zuzana Krátka 
520 |a Riadenie rizík poisťovacích inštitúcií. Finančné riziká poisťovní: úverové riziko, trhové riziko, riziko likvidity, operačné riziko, obchodné riziko. Modelovanie finančných rizík poisťovní. 
610 2 0 |a poisťovníctvo 
610 2 0 |a poisťovne 
610 2 0 |a riziko finančné 
610 2 0 |a riziko podnikateľské 
610 2 0 |a riziko likvidity 
610 2 0 |a riziko trhové 
610 2 0 |a riziko obchodné 
610 2 0 |a riziko operačné 
610 2 0 |a riziko úverové 
610 2 0 |a financovanie 
610 2 0 |a modelovanie matematické 
610 2 0 |a modely štatistické 
610 2 0 |a modely matematické 
100 1 |a Majtánová, Anna 
700 1 |a Krátka, Zuzana, 1968-